What Continent is Cyprus on? (Tile Select) - Statistics

General Stats
  • This quiz has been taken 63 times
  • The average score is 6 of 8
Answer Stats
Question Tile Select % Correct
What continent is Cyprus on? North America No
100%
What continent is Cyprus on? South America No
100%
What continent is Cyprus on? Oceania No
98%
What continent is Cyprus on? Africa No
95%
What continent is Cyprus on? Antarctica No
95%
What continent is Cyprus on? Asia No
64%
What continent is Cyprus on? Europe No
60%
What continent is Cyprus on? Don't make me do a debate Yes
21%
No matching quizzes found
Score Distribution
Percent of People with Each Score
Percentile by Number Answered
Your Score History
You have not taken this quiz